|
|
|
|
| LEADER |
00832nta a2200169 i 4500 |
| 001 |
dipl51005 |
| 005 |
20150401140302.0 |
| 008 |
150401s2013 hu om 0|| zxx d |
| 040 |
|
|
|a SZTE Diploma Repozitórium
|b hun
|
| 041 |
|
|
|a zxx
|
| 100 |
1 |
|
|a Kisdeák Tamás
|
| 245 |
1 |
0 |
|a Csongrád és Vas megye falusi turizmusának összehasonlítása a helyi lakosok és a falusi szállásadók véleménye alapján
|h [elektronikus dokumentum] /
|c Tamás Kisdeák
|
| 246 |
1 |
0 |
|a The comparison of rural tourism in Csongrád and Vas counties based on the opinion of local people and owners of rural accomodations
|h [elektronikus dokumentum]
|
| 260 |
|
|
|c 2013
|
| 650 |
|
4 |
|a Természettudományok
|
| 700 |
1 |
|
|a Csordás László
|e ths
|
| 856 |
4 |
0 |
|u http://diploma.bibl.u-szeged.hu/id/eprint/51005/1/2012_Kisde%C3%A1k_Tam%C3%A1s_KITPABT_SZE_SZ.pdf
|z Dokumentum-elérés
|